000 00949nam a22003017a 4500
003 CHAP
005 20220329133504.0
008 971013s1991 r 00010 d
010 _a6962
011 _a7934
035 _a7159
040 _cCHAP
090 _aFolleto 10285 (1991) v.9
110 _aInternational Board for Plant Genetic Resources
_959561
245 _aReport of a working group on sunflower (4o.),1991
260 _aRome :
_bThe Board,
_c1991
300 _a20 p
590 _aBATCH-UPD
_b10
_c20130110
_lUCH01
_h1903
590 _aBATCH-UPD
_b10
_c20130410
_lUCH01
_h1231
590 _aBATCH-UPD
_b10
_c20130914
_lUCH01
_h1543
590 _aCONVERSION
_b10
_c20130109
_lUCH01
_h1305
650 1 4 _aGirasol
_xGermoplasma.
_948151
650 1 4 _aGirasol
_xSistemas de información.
_948178
650 1 4 _aRecursos genéticos.
_995078
901 _aBK
942 _cFOLL
949 _aFolleto 10285 (1991) v.9
_bBC
_cFOLL
_d-16973
_eTS1
_i7159
_si
999 _c6962
_d6962